|
|
|
|
| LEADER |
00000nab a2200000 a 4500 |
| 001 |
vtls000743324 |
| 003 |
SK-MaSNL |
| 005 |
20260302193750.0 |
| 008 |
180205c1999 xo 0 slo |
| 015 |
|
|
|a SNBRB2001/01-01178
|
| 035 |
|
|
|a CLN000095161
|
| 040 |
|
|
|a SNKBUCL
|b slo
|c SNKBUCL
|e AACR2
|
| 041 |
0 |
|
|a slo
|
| 044 |
|
|
|a xo
|c SK
|
| 080 |
|
|
|a 73/76:061.4
|2 UDC-MRF-SK2
|
| 100 |
1 |
|
|a Podušel, Ľubomír,
|d 1953-
|4 aut
|9 89283
|
| 245 |
1 |
0 |
|a Umenie zadarmo - Tattoo you
|b odvážny slovenský projekt na Bienále Benátky
|c Ľubomír Podušel
|
| 611 |
2 |
7 |
|a Bienále Benátky
|n (48. :
|d 1999 :
|c Benátky, Taliansko)
|2 snkbucl
|9 257446
|
| 655 |
|
7 |
|a články z novín a časopisov
|2 snkbucl
|9 267496
|
| 773 |
0 |
|
|x 1335-468X
|t Slovo. Politicko-spoločenský týždenník
|g Roč. 1, č. 18 (1999), s. 6
|
| 850 |
|
|
|a Slovenská národná knižnica v Martine
|
| 852 |
|
|
|a SNK
|b KIS3GCP
|
| 958 |
|
|
|a RBX
|
| 999 |
|
|
|c 1445843
|d 1447773
|